ইসলাম ও আধুনিক চিন্তাধারা / (Record no. 41875)
[ view plain ]
| 000 -LEADER | |
|---|---|
| fixed length control field | 01207nam a2200253 a 4500 |
| 001 - CONTROL NUMBER | |
| control field | 41875 |
| 003 - CONTROL NUMBER IDENTIFIER | |
| rucl marc code | BD-RjUL |
| 005 - DATE AND TIME OF LATEST TRANSACTION | |
| control field | 20211209053449.0 |
| 008 - FIXED-LENGTH DATA ELEMENTS--GENERAL INFORMATION | |
| fixed length control field | 160607s1963 pk ||||| |||| 00| 0 ben d |
| 020 ## - INTERNATIONAL STANDARD BOOK NUMBER | |
| Terms of availability | :PRs. 9.50 |
| 035 ## - SYSTEM CONTROL NUMBER | |
| System control number | (BD-RjUL)41993 |
| 040 ## - CATALOGING SOURCE | |
| Original cataloging agency | BD-RjUL |
| Language of cataloging | ben |
| Transcribing agency | BD-RjUL |
| 041 ## - LANGUAGE CODE | |
| Language code of text/sound track or separate title | ben |
| 082 ## - DEWEY DECIMAL CLASSIFICATION NUMBER | |
| Edition number | 23 |
| Classification number | 297 |
| Author mark and year | ISL 1963 |
| 245 00 - TITLE STATEMENT | |
| Title | ইসলাম ও আধুনিক চিন্তাধারা / |
| Statement of responsibility, etc. | মূল সম্পাদনা: কেনেথ ডব্লিউ মরগান ;তরজমা: মুয়াযযম হুসায়ন খান ... [এবং অন্যান্য] |
| 250 ## - EDITION STATEMENT | |
| Edition statement | ১ম প্রকাশ |
| 260 ## - PUBLICATION, DISTRIBUTION, ETC. (IMPRINT) | |
| Place of publication, distribution, etc. | ঢাকা : |
| Name of publisher, distributor, etc. | মদীনা পাবলিকেশান্স, |
| Date of publication, distribution, etc. | ১৯৬৩ |
| 300 ## - PHYSICAL DESCRIPTION | |
| Pagination | [১০], ৫১৭, [১] পৃ. ; |
| Size | ২১ সেমি. |
| 650 ## - SUBJECT ADDED ENTRY--TOPICAL TERM | |
| Topical term or geographic name as entry element | ইসলাম |
| 9 (RLIN) | 128655 |
| Topical term or geographic name as entry element | Islam |
| 9 (RLIN) | 128656 |
| 700 ## - ADDED ENTRY--PERSONAL NAME | |
| Personal name | মরগান, কেনেথ ডব্লিউ, মূল সম্পাদক |
| Personal name | খান, মুয়াযযম হুসায়ন ... [এবং অন্যান্য], তরজমাকারী |
| 942 ## - ADDED ENTRY ELEMENTS (KOHA) | |
| Source of classification or shelving scheme | Dewey Decimal Classification |
| Koha item type | Books |
| Lost status | Source of classification or shelving scheme | Damaged status | Not for loan | Collection code | Permanent Location | Current Location | Shelving location | Date acquired | Source of acquisition | Cost, normal purchase price | Total Checkouts | Full call number | Date last seen | Copy number | Koha item type |
|---|---|---|---|---|---|---|---|---|---|---|---|---|---|---|---|
| Dewey Decimal Classification | Non-fiction | Central Library, University of Rajshahi | Central Library, University of Rajshahi | 25/02/1967 | Farukh Library | 9.50 | B 297 ISL 1963 | 07/06/2016 | C-2 | Books | |||||
| Dewey Decimal Classification | Non-fiction | Central Library, University of Rajshahi | Central Library, University of Rajshahi | 25/02/1967 | Farukh Library | 9.50 | B 297 ISL 1963 | 20/07/2016 | C-3 | Books | |||||
| Dewey Decimal Classification | Non-fiction | Central Library, University of Rajshahi | Central Library, University of Rajshahi | 04/03/1965 | Uttar Bangla, Rajshahi. | 9.50 | B 297 ISL 1963 | 21/07/2016 | C-4 | Books | |||||
| Dewey Decimal Classification | Non-fiction | Central Library, University of Rajshahi | Central Library, University of Rajshahi | 25/02/1967 | Farooq Library, Rajshahi | 9.50 | B 297 ISL 1963 | 21/07/2016 | C-5 | Books | |||||
| Dewey Decimal Classification | Not For Loan | Non-fiction | Central Library, University of Rajshahi | Central Library, University of Rajshahi | Reading Room | 16/12/1966 | N/A | 5.00 | B 297 ISL 1963 | 08/12/2016 | C-1 | Books | |||
| Dewey Decimal Classification | Non-fiction | Central Library, University of Rajshahi | Central Library, University of Rajshahi | 29/12/2019 | B 297 ISL 1963 | 29/12/2019 | C-6 | Books |